000 00381nam a22001337a 4500
020 _qHB.
040 _cFIZZA ISHAQ
082 _a813.52
_bJOH
100 _aPASSOS,DOS JOHN.
_9133608
245 _aTHE FOURTEENTH CHRONICLE LETTERS AND DIARIES OF JOHN DOS PASSOS /
_cJOHN DOS PASSOS.
260 _aNEW YORK ;
_bGambit Inc.
_c1973.
300 _a662 P. ;
_c9.5X6.2IN
942 _2ddc
_cBK
999 _c616563
_d616563